| 000 | 00793nam a2200193Ia 4500 | ||
|---|---|---|---|
| 003 | GCL | ||
| 005 | 20240530095415.0 | ||
| 008 | 140319s9999 xx 000 0 ara d | ||
| 040 |
_aGCL / _cGCL |
||
| 082 | 0 | 4 |
_a929.4 _bع ك |
| 100 | 1 | _aالعينى ، بدرالدين ابو محمد محمود بن احمد بن موسى | |
| 245 | 1 | 0 |
_aكشف القناع المرنى عن مهمات الاسامى والكنى / _cبدرالدين ابو محمد محمود بن احمد بن موسى العينى |
| 260 |
_aالرياض : _bجامعة الملك عبدالعزيز ، _c1984 |
||
| 300 |
_a804 ص ؛ _c24 سم |
||
| 650 | 0 | 4 | _aالمخطوطات العربية |
| 650 | 0 | 4 | _aالانساب والاعراق |
| 650 | 0 | 4 | _aالحديث - تراجم الرواة |
| 942 |
_2ddc _cBK |
||
| 999 |
_c6933 _d6933 |
||